International Journal of Islamic and Middle Eastern Finance and Management

Dettagli Bibliografici
Natura: Elettronico Periodico
Lingua:English
Pubblicazione: Emerald Publishing
Soggetti:
Accesso online:Full text available on Emerald
Off-campus access
LEADER 00966cas a2200193 a 4500
001 AALejournalEmerald000095
008 260218c9999 xx r poo 0 0eng d
022 |a 1753-8408 
040 |a BD-DhAAL  |c BD-DhAAL 
245 0 0 |h [electronic resource]  |a International Journal of Islamic and Middle Eastern Finance and Management 
260 |b Emerald Publishing 
300 |a 1 online resource 
500 |a <strong>Off-Campus Access:</strong> Athens ID and Password Required 
500 |a <strong>On-Campus Access:</strong> No User ID or Password Required 
506 |a Electronic access restricted to authorized BRAC University faculty, staff and students 
538 |a Mode of access: Internet 
650 4 |a Management 
856 4 0 |z Full text available on Emerald  |u https://www.emerald.com/insight/publication/issn/1753-8394 
856 4 0 |z Off-campus access  |u https://go.openathens.net/redirector/bracu.ac.bd?url=https%3A%2F%2Fwww.emerald.com%2Finsight%2Fpublication%2Fissn%2F1753-8394